| 000 | 00489nam a2200181Ia 4500 | ||
|---|---|---|---|
| 001 | 65916 | ||
| 008 | 150404s9999 xx 000 0 und d | ||
| 020 | _a1858985269 | ||
| 040 | _cPK-LaUMT | ||
| 082 |
_a 330.092 _bLEG- |
||
| 100 | _aEarl, Peter E. | ||
| 245 | 4 |
_aThe legacy of Herbert Simon in economic analysis _cEarl, Peter E. |
|
| 260 |
_aCheltenham,UK: _bElgar Reference Collection, _c2001 |
||
| 501 | _a2 vols. | ||
| 546 | _aEN | ||
| 650 | _aEconomics-USA-Biography | ||
| 942 | _cBK | ||
| 999 |
_c69257 _d69257 |
||